Valentine's Day secret #12/ by Carolyn Keene ; ... Read More
Available copies
- 3 of 3 copies available at LARL/NWRL Consortium.
- 1 of 1 copy available at Northwest Regional Library. (Show preferred library)
Current holds
0 current holds with 3 total copies.
Show All Copies
| Location | Call Number / Copy Notes | Barcode | Shelving Location | Status | Due Date |
|---|---|---|---|---|---|
| Warroad Public Library | j KEE (Text) | 35500006725756 | Main | Available | - |
| Fosston Public Library | J KEE (Text) | 33500011369667 | Main | Available | - |
| Halstad LINK Site | J KEE (Text) | 33500011369659 | Main | Available | - |
Record details
- ISBN: 9781599616506
- ISBN: 1599616505
- ISBN: 9781416949442 (pbk.)
- ISBN: 1416949445 (pbk.)
- ISBN: 9780545134675
- Physical Description: 85, [3] p. : ill. ; 20 cm.
- Edition: Reinforced library bound ed.
- Publisher: Edina, Minn. : Spotlight, 2010.
Content descriptions
| General Note: | Originally published: New York : Aladdin Paperbacks, 2007. |
| Summary, etc.: | Nancy Drew investigates a mean valentine sent to ... Read More |
| Target Audience Note: | 006-009. |
Search for related items by subject
| Genre: | Mystery fiction. Detective and mystery stories. Children's stories. |
Search for related items by series
| LDR | 02201cam a2200529Ia 4500 | ||
|---|---|---|---|
| 001 | 86885 | ||
| 003 | LARL_NWRL_CONSORTIUM | ||
| 005 | 20231031172505.0 | ||
| 008 | 090323s2010 mnua j 000 1 eng d | ||
| 020 | . | ‡a9781599616506 | |
| 020 | . | ‡a1599616505 | |
| 020 | . | ‡a9781416949442 (pbk.) | |
| 020 | . | ‡a1416949445 (pbk.) | |
| 020 | . | ‡a9780545134675 | |
| 035 | . | ‡a(OCoLC)316831610 | |
| 082 | 1 | 4. | ‡a[Fic] ‡222 |
| 100 | 1 | . | ‡aKeene, Carolyn. ‡0(LARL_NWRL_CONSORTIUM)58935 |
| 245 | 1 | 0. | ‡aValentine's Day secret ‡n#12/ ‡cby Carolyn Keene ; illustrated by Macky Pamintuan. |
| 250 | . | ‡aReinforced library bound ed. | |
| 260 | . | ‡aEdina, Minn. : ‡bSpotlight, ‡c2010. | |
| 300 | . | ‡a85, [3] p. : ‡bill. ; ‡c20 cm. | |
| 490 | 0 | . | ‡aNancy Drew and the clue crew ; ‡v#12 |
| 500 | . | ‡aOriginally published: New York : Aladdin Paperbacks, 2007. | |
| 521 | . | ‡a006-009. | |
| 520 | . | ‡aNancy Drew investigates a mean valentine sent to one of the Clue Crew. | |
| 650 | 0. | ‡aDrew, Nancy (Fictitious character) ‡vJuvenile fiction. ‡0(LARL_NWRL_CONSORTIUM)172010 | |
| 650 | 0. | ‡aValentine's Day ‡vJuvenile fiction. | |
| 650 | 0. | ‡aFriendship ‡vJuvenile fiction. ‡0(LARL_NWRL_CONSORTIUM)164914 | |
| 650 | 1. | ‡aDrew, Nancy (Fictitious character) ‡vFiction. | |
| 650 | 1. | ‡aFriendship ‡vFiction. ‡0(LARL_NWRL_CONSORTIUM)164944 | |
| 650 | 1. | ‡aValentine's Day ‡vFiction. | |
| 650 | 1. | ‡aMystery and detective stories. ‡0(LARL_NWRL_CONSORTIUM)176113 | |
| 655 | 0. | ‡aMystery fiction. | |
| 655 | 0. | ‡aDetective and mystery stories. | |
| 655 | 0. | ‡aChildren's stories. | |
| 650 | 7. | ‡aFriendship ‡vFiction. ‡2sears ‡0(LARL_NWRL_CONSORTIUM)164944 | |
| 650 | 7. | ‡aValentine's Day ‡vFiction. ‡2sears | |
| 700 | 1 | . | ‡aPamintuan, Macky, ‡eill. ‡0(LARL_NWRL_CONSORTIUM)194288 |
| 901 | . | ‡a86885 ‡bOCLC ‡c86885 ‡tbiblio | |

Add to basket
Permalink
Disable Highlighting